Kongres Psychotronica Slovaca '97 (Bratislava, 8.-9.november 1997)

Bibliographic Details
Main Author: Belko, Dušan (Author)
Format: Article
Language:Slovak
ISSN:1335-1303
Subjects:

MARC

LEADER 00000nab a2200000 a 4500
001 vtls000659307
003 SK-MaSNL
005 20260304090457.0
008 250425c1998 xo 0 slo
015 |a SNBRB1998/05-12898 
035 |a CLN000011499 
035 |a urn:nbn:sk:snk-abhz0 
035 |a (urnnbn)urn:nbn:sk:snk:ar-a039m8 
035 |a (uuid)19abc8df-240f-41b0-95bd-73503fd76c4c 
040 |a SNKBUCL  |b slo  |c SNKBUCL  |e AACR2 
041 0 |a slo 
044 |a xo  |c SK 
080 |a 615.85:615.89:614.258:39:061.3  |2 1997 
100 1 |a Belko, Dušan  |4 aut  |9 12152 
245 1 0 |a Kongres Psychotronica Slovaca '97 (Bratislava, 8.-9.november 1997)  |c Dušan Belko 
611 1 7 |a Psychotronica Slovaca  |d 1997  |c Bratislava, Slovensko  |2 snkbucl  |9 1381585 
650 0 7 |a psychotronika  |2 snkbucl  |9 4392 
655 7 |a články z novín a časopisov  |2 snkbucl  |9 267496 
773 0 |t Slovenský národopis  |g Roč. 46, č. 1 (1998), s. 129-132  |x 1335-1303 
850 |a Slovenská národná knižnica 
852 |a Slovenská národná knižnica 
954 |a odborná, vedecká literatúra pôvodná (slovenská)  |2 lita 
958 |a article27 
958 |a SK 
958 |a OND 
958 |a EUIPO 
992 |a RBX 
999 |c 2811581  |d 2813511